LIBRARY ONLINE CATALOGUE

Strategic management : (Record no. 3813)

MARC details
000 -LEADER
fixed length control field 00692cam a22002172 4500
001 - CONTROL NUMBER
control field 0000018822
005 - DATE AND TIME OF LATEST TRANSACTION
control field 20151217145908.0
008 - FIXED-LENGTH DATA ELEMENTS--GENERAL INFORMATION
fixed length control field 100802s xx 000 0 eng d
020 ## - INTERNATIONAL STANDARD BOOK NUMBER
International Standard Book Number 0071263756 :
040 ## - CATALOGING SOURCE
Original cataloging agency KABU
Transcribing agency KABU
100 1# - MAIN ENTRY--PERSONAL NAME
Personal name Pearce, John A.
-- 0000150621
245 10 - TITLE STATEMENT
Title Strategic management :
Remainder of title formulation, implementation and control /
Statement of responsibility, etc. John A. Pearce, Richard B. Robinson.
250 ## - EDITION STATEMENT
Edition statement 11th ed.
260 ## - PUBLICATION, DISTRIBUTION, ETC. (IMPRINT)
Place of publication, distribution, etc. Boston :
Name of publisher, distributor, etc. McGraw-Hill,
Date of publication, distribution, etc. 2009.
300 ## - PHYSICAL DESCRIPTION
Extent various paging.
650 #0 - SUBJECT ADDED ENTRY--TOPICAL TERM
Topical term or geographic name as entry element Strategic planning.
-- 0000150576
700 1# - ADDED ENTRY--PERSONAL NAME
Personal name Robinson, Richard B.
-- 0000150622
852 1# - LOCATION
-- p2090 KES
908 ## - PUT COMMAND PARAMETER (RLIN)
Put command parameter 100802
950 ## - LOCAL HOLDINGS (RLIN)
-- 1
Holdings
Withdrawn status Lost status Source of classification or shelving scheme Not for loan Home library Current library Date acquired Total Checkouts Full call number Barcode Date last seen Date last checked out Price effective from Koha item type Total Renewals
    Library of Congress Classification   Kabarak, Main Campus Kabarak, Main Campus 17/12/2015 1 HD30.28 .P43 2009 c. 1 24557 02/08/2024 30/05/2016 17/12/2015 General Collection  
    Library of Congress Classification   Kabarak, Nakuru City Campus Kabarak, Nakuru City Campus 17/12/2015 5 HD30.28 .P43 2009 c. 1 24686 23/08/2022 26/08/2019 17/12/2015 General Collection 2